|
|
|
|
| LEADER |
00000nas a22000007a 4500 |
| 001 |
ssj0022759 |
| 003 |
WaSeSS |
| 005 |
20200512172242.0 |
| 006 |
m d |
| 007 |
cr n |
| 008 |
820925d19062001inudr nes 0 a0eng |
| 010 |
|
|
|a sn 82015354
|
| 022 |
|
|
|l 0746-7516
|y 0746-7516
|
| 032 |
|
|
|a 173320
|b USPS
|
| 035 |
|
|
|a (WaSeSS)ssj0022759
|
| 040 |
|
|
|a DLC
|b eng
|c DLC
|d NSD
|d NPI
|d DLC
|d NPI
|d IUL
|d OCLCQ
|d OCLCF
|d IUL
|d OCL
|d OCLCQ
|d WaSeSS
|
| 042 |
|
|
|a msc
|a nsdp
|
| 043 |
|
|
|a n-us-in
|
| 222 |
|
4 |
|a The Elkhart truth
|
| 245 |
0 |
4 |
|a The Elkhart truth
|h [electronic resource].
|
| 246 |
0 |
0 |
|a Truth
|
| 260 |
|
|
|a Elkhart, Ind. :
|b Truth Pub. Co.,
|c 1906-2001.
|
| 310 |
|
|
|a Daily (except holidays),
|b Mar. 7, 1986-May 13, 2001
|
| 321 |
|
|
|a Daily (except Sun. and holidays), Mar. 13,
|b 1906-Mar. 6, 1986
|
| 362 |
0 |
|
|a Vol. 15, no. 178 (Mar. 13, 1906)-112th year, no. 133 (May 13, 2001).
|
| 506 |
|
|
|a License restrictions may limit access.
|
| 580 |
|
|
|a Also published in a weekly ed. called: Elkhart weekly truth, 1897-1910.
|
| 651 |
|
0 |
|a Elkhart (Ind.)
|v Newspapers.
|
| 651 |
|
0 |
|a Elkhart County (Ind.)
|v Newspapers.
|
| 651 |
|
7 |
|a Indiana
|z Elkhart County.
|2 fast
|0 (OCoLC)fst01205779
|
| 651 |
|
7 |
|a Indiana
|z Elkhart.
|2 fast
|0 (OCoLC)fst01207151
|
| 655 |
|
0 |
|a Electronic journals.
|
| 752 |
|
|
|a United States
|b Indiana
|c Elkhart
|d Elkhart.
|
| 775 |
1 |
|
|t Elkhart weekly truth
|w (DLC)sn 87055947
|w (OCoLC)15716508
|
| 780 |
0 |
0 |
|t Elkhart daily truth
|w (DLC)sn 87056391
|w (OCoLC)16835760
|
| 780 |
0 |
5 |
|t Elkhart review (Elkhart, Ind. : Daily : 1918)
|g 1920
|w (DLC)sn 87055942
|w (OCoLC)15719294
|
| 785 |
0 |
0 |
|t Truth (Elkhart, Ind. : 2001)
|w (DLC)sn2001062809
|w (OCoLC)47055559
|
| 856 |
4 |
0 |
|z Full text available from Research Library: 12/17/1991 to 08/19/1997
|u https://search.proquest.com/publication/45761
|